| 000 | 00974nam a2200265Ia 4500 | ||
|---|---|---|---|
| 003 | OSt | ||
| 005 | 20220923231006.0 | ||
| 006 | a|||||r|||| 00| 0 | ||
| 007 | ta | ||
| 008 | 220922b |||||||| |||| 00| 0 hin d | ||
| 020 | _c300 | ||
| 024 | _a351,056 | ||
| 037 |
_b424, 16/01/2010, Eastern Book Linkers _cTextual |
||
| 040 |
_aARTS _cARTS _bhin |
||
| 041 |
_2hin _ahin |
||
| 082 | _aQ2, Q0 | ||
| 100 | _aपरमानन्द, भारती, ले. | ||
| 245 | 0 |
_aसनातन धर्म के आधार _b ईश्वर पुर्नजन्म और वेद |
|
| 246 | _aSanātan dharma ke ādhāra: īshvar purnajanma aur veda | ||
| 260 |
_aवाराणसी _b चौखम्बा प्रकाशन _c2010 |
||
| 300 |
_a128पृ. _ccm. |
||
| 650 | _aधर्म | ||
| 942 |
_hQ2, Q0 _cTEXL _2CC |
||
| 999 |
_c388655 _d388655 |
||